000 00623nam a22002297a 4500
003 UA-OsUOA
001 98948
007 ta
008 20130422b un ||||| |||| 00| 0 ukr d
100 _aРжезач В.
090 _a821.162.3
_bР48
942 _cBK
040 _aUA-OsUOA
_brus
_cUA-OsUOA
_dUA-OsUOA
245 _aСвет тьмы. Свидетель
300 _a510 с.
955 _a3
041 _arus
080 _a821.162.3
260 _aМ.
_bХудожественная литература
_c1980
650 7 _a82 Література. Літературознавство
_2UDC
999 _c384978
_d384978